=LDR 00000nam 2200000 4500 =001 INLIS000000000023343 =005 20210217015435 =035 ##$$a 0010-061300000023343 =008 210217################g##########0#ind## =041 ##$$a Ind =082 ##$$a 336.207.6 =090 ##$$a 336.207, Sua p =100 1#$$a Suandy, Erly =245 1#$$a Perpajakan : $b Dilengkapi dengan latihan soal /$c Erly Suandy =260 ##$$a Jakarta :$b Salemba Empat,$c 2002 =300 ##$$a 422 hlm ; $c 26 x 21 cm =650 #4$$a Perpajakan =850 ##$$a NBPNMAT =020 ##$$a 979-691-128-0 =084 ##$$a 336.207.6 SUA p =250 ##$$a cet.1 =990 ##$$a 40600317 =990 ##$$a 40600316 =990 ##$$a 40600316 =990 ##$$a 40600317